000
00306nam a22001337a 4500
008
171031b xxu||||| |||| 00| 0 eng d
020
_a
9780252065422
041
_a
eng
080
_a
33
100
_a
58
101
_a
BUS
245
_a
ADVERTISING IN CONTEMPORARY SOCIETY
_c
ROTZOLL, K.B
942
_2
udc
_c
BK
999
_c
36671
_d
36671